|
|
|
|
| LEADER |
00903nta a2200205 i 4500 |
| 001 |
dipl96832 |
| 005 |
20210104100250.0 |
| 008 |
210104s2007 hu om 0|| zxx d |
| 040 |
|
|
|a SZTE Diploma Repozitórium
|b hun
|
| 041 |
|
|
|a zxx
|
| 100 |
2 |
|
|a Némethné Rátkai Margit
|
| 245 |
1 |
3 |
|a Az akasztói Általános Iskola és Könyvtár gyűjtőkörének alakulása 1990 és 2000 között
|h [elektronikus dokumentum] /
|c Margit Némethné Rátkai
|
| 246 |
1 |
0 |
|a The formation and operation of the collecting circle in the Primary School and Library of Akasztó between 1990 and 2000.
|h [elektronikus dokumentum]
|
| 260 |
|
|
|c 2007
|
| 650 |
|
4 |
|a Pedagógusképzés
|
| 650 |
|
4 |
|a Social sciences
|
| 650 |
|
4 |
|a Media and communications
|
| 650 |
|
4 |
|a Library science
|
| 700 |
2 |
|
|a Patkósné Hanesz Andrea
|e ths
|
| 856 |
4 |
0 |
|u http://diploma.bibl.u-szeged.hu/id/eprint/96832/1/2007_nemethne_ratkai_margit.pdf
|z Dokumentum-elérés
|